00432nam a2200181Ia 4500003000400000005001700004008004000021020001500061040000700076041000800083082001800091100002400109245004000133250000600173260004000179300001100219700002000230OSt20250712115345.0210210b1986 xxu||||| |||| 00| 0 eng d a007Y664404 cAL aeng a621.3815 MALD aAlbert Paul Malvino aDigital principles and applications a4 aNew YorkbMcGraw-Hill book Coc1986 aiv,540 aLeach, Donald P